|
|
|
|
| LEADER |
03480nam a2200553 4500 |
| 001 |
978-981-13-9895-7 |
| 003 |
DE-He213 |
| 005 |
20191026111739.0 |
| 007 |
cr nn 008mamaa |
| 008 |
190711s2019 si | s |||| 0|eng d |
| 020 |
|
|
|a 9789811398957
|9 978-981-13-9895-7
|
| 024 |
7 |
|
|a 10.1007/978-981-13-9895-7
|2 doi
|
| 040 |
|
|
|d GrThAP
|
| 050 |
|
4 |
|a LB1028.43-1028.75
|
| 072 |
|
7 |
|a JNV
|2 bicssc
|
| 072 |
|
7 |
|a EDU039000
|2 bisacsh
|
| 072 |
|
7 |
|a JNV
|2 thema
|
| 082 |
0 |
4 |
|a 374.26
|2 23
|
| 245 |
1 |
0 |
|a Technology in Education: Pedagogical Innovations
|h [electronic resource] :
|b 4th International Conference, ICTE 2019, Guangzhou, China, March 15-17, 2019, Revised Selected Papers /
|c edited by Simon K. S. Cheung, Jianli Jiao, Lap-Kei Lee, Xuebo Zhang, Kam Cheong Li, Zehui Zhan.
|
| 250 |
|
|
|a 1st ed. 2019.
|
| 264 |
|
1 |
|a Singapore :
|b Springer Singapore :
|b Imprint: Springer,
|c 2019.
|
| 300 |
|
|
|a XIII, 314 p. 96 illus., 69 illus. in color.
|b online resource.
|
| 336 |
|
|
|a text
|b txt
|2 rdacontent
|
| 337 |
|
|
|a computer
|b c
|2 rdamedia
|
| 338 |
|
|
|a online resource
|b cr
|2 rdacarrier
|
| 347 |
|
|
|a text file
|b PDF
|2 rda
|
| 490 |
1 |
|
|a Communications in Computer and Information Science,
|x 1865-0929 ;
|v 1048
|
| 505 |
0 |
|
|a Blended Learning and Computer-Supported Learning -- Virtual Reality, Augmented Reality and Game-Based Learning -- Open Online Courses and Open Educational Resources -- Teaching and Learning Analysis and Assessment -- Pedagogical, Psychological and Cultural Issues.
|
| 520 |
|
|
|a This book constitutes extended papers from the 4th International Conference on Technology in Education, ICTE 2019, held in Guangzhou, China, in March 2019. The 27 full papers presented in this volume were carefully reviewed and selected from 109 submissions. They are organized in topical sections on blended bearning and computer-supported learning; virtual reality, augmented reality and game-based learning; open online courses and open educational resources; teaching and learning analysis and assessment; pedagogical, psychological and cultural issues.
|
| 650 |
|
0 |
|a Education-Data processing.
|
| 650 |
|
0 |
|a Application software.
|
| 650 |
|
0 |
|a Optical data processing.
|
| 650 |
1 |
4 |
|a Computers and Education.
|0 http://scigraph.springernature.com/things/product-market-codes/I24032
|
| 650 |
2 |
4 |
|a Computer Appl. in Social and Behavioral Sciences.
|0 http://scigraph.springernature.com/things/product-market-codes/I23028
|
| 650 |
2 |
4 |
|a Image Processing and Computer Vision.
|0 http://scigraph.springernature.com/things/product-market-codes/I22021
|
| 700 |
1 |
|
|a Cheung, Simon K. S.
|e editor.
|4 edt
|4 http://id.loc.gov/vocabulary/relators/edt
|
| 700 |
1 |
|
|a Jiao, Jianli.
|e editor.
|4 edt
|4 http://id.loc.gov/vocabulary/relators/edt
|
| 700 |
1 |
|
|a Lee, Lap-Kei.
|e editor.
|4 edt
|4 http://id.loc.gov/vocabulary/relators/edt
|
| 700 |
1 |
|
|a Zhang, Xuebo.
|e editor.
|4 edt
|4 http://id.loc.gov/vocabulary/relators/edt
|
| 700 |
1 |
|
|a Li, Kam Cheong.
|e editor.
|4 edt
|4 http://id.loc.gov/vocabulary/relators/edt
|
| 700 |
1 |
|
|a Zhan, Zehui.
|e editor.
|4 edt
|4 http://id.loc.gov/vocabulary/relators/edt
|
| 710 |
2 |
|
|a SpringerLink (Online service)
|
| 773 |
0 |
|
|t Springer eBooks
|
| 776 |
0 |
8 |
|i Printed edition:
|z 9789811398940
|
| 776 |
0 |
8 |
|i Printed edition:
|z 9789811398964
|
| 830 |
|
0 |
|a Communications in Computer and Information Science,
|x 1865-0929 ;
|v 1048
|
| 856 |
4 |
0 |
|u https://doi.org/10.1007/978-981-13-9895-7
|z Full Text via HEAL-Link
|
| 912 |
|
|
|a ZDB-2-SCS
|
| 950 |
|
|
|a Computer Science (Springer-11645)
|